[Event "1.Deut.ChessOrgAmatPok Voelklingen GrC"]
[Site "?"]
[Date "2000.10.12"]
[Round "7"]
[White "Conrad, Egon"]
[Black "Kemmer, Josef"]
[Result "0-1"]
[WhiteElo "1643"]
[BlackElo "1534"]
[PlyCount "91"]
[EventDate "2000.??.??"]

1. d4 d5 2. c4 e6 3. Nc3 Nf6 4. cxd5 exd5 5. Bg5 Be7 6. e3 O-O 7. Bd3 c6 8. Qc2
Nbd7 9. Nge2 Re8 10. O-O-O h6 11. Bh4 Ne4 12. Bxe7 Qxe7 13. Bxe4 dxe4 14. g4
Nf6 15. h3 Nd5 16. Rdg1 Nb4 17. Qd2 Nd3+ 18. Kb1 Nxf2 19. Rh2 Nd3 20. Ng3 Be6
21. Ngxe4 Bc4 22. a3 Rad8 23. g5 Kh8 24. gxh6 gxh6 25. Rg3 Ne5 26. Ka1 b5 27.
b4 a5 28. Nc5 axb4 29. axb4 Ra8+ 30. Kb2 Ng6 31. e4 Kh7 32. Rf2 Ra7 33. e5 Rea8
34. Qe3 Ra3 35. h4 Rxc3 36. Kxc3 Ra3+ 37. Kd2 Rxe3 38. Kxe3 Nxh4 39. Rf6 Bd5
40. Rh3 Ng6 41. Kf2 Kg7 42. Ra3 Nf8 43. Rg3+ Ng6 44. Ra3 Nxe5 45. dxe5 Qxe5 46.
Nd7 0-1

[Event "1.Deut.ChessOrgAmatPok Voelklingen GrC"]
[Site "?"]
[Date "2000.10.12"]
[Round "7"]
[White "Bruene, Gerhard Prf."]
[Black "Rossmanith, Frederic"]
[Result "1-0"]
[WhiteElo "1345"]
[BlackElo "1450"]
[PlyCount "73"]
[EventDate "2000.??.??"]

1. d4 Nf6 2. c4 e6 3. Nc3 Bb4 4. Bg5 c6 5. Qc2 d5 6. e3 Nbd7 7. Nf3 Qa5 8. Bxf6
Nxf6 9. Nd2 Bd7 10. Bd3 c5 11. O-O cxd4 12. exd4 Be7 13. b3 Qc7 14. Rfe1 O-O
15. Nf3 h6 16. a3 Rae8 17. c5 Rc8 18. b4 Bd6 19. a4 Rfe8 20. Bb5 a6 21. Bxd7
Nxd7 22. Qd1 Be7 23. b5 Bf6 24. Qd3 Ra8 25. h3 Nf8 26. bxa6 bxa6 27. Rab1 Reb8
28. Rxb8 Qxb8 29. Rb1 Qa7 30. Rb4 Qc7 31. Rb6 Qa7 32. Qb1 Qc7 33. Qb4 Qf4 34.
Ne2 Qc7 35. c6 a5 36. Qb5 Ra7 37. Rb7 1-0

[Event "1.Deut.ChessOrgAmatPok Voelklingen GrC"]
[Site "?"]
[Date "2000.10.12"]
[Round "7"]
[White "Schreiber, Winfried"]
[Black "Pillath, Marcus"]
[Result "0-1"]
[WhiteElo "1452"]
[BlackElo "1338"]
[PlyCount "108"]
[EventDate "2000.??.??"]

1. c4 e5 2. Nc3 Bc5 3. d3 Ne7 4. Nf3 d6 5. Na4 Bb4+ 6. Bd2 Bxd2+ 7. Qxd2 Nbc6
8. Nc3 O-O 9. g3 f6 10. Bg2 Bd7 11. O-O a6 12. b3 Rb8 13. h4 Nf5 14. e4 Nfd4
15. Nxd4 Nxd4 16. Ne2 Nxe2+ 17. Qxe2 Qc8 18. f4 exf4 19. Rxf4 Qe8 20. Raf1 Qe5
21. g4 Qd4+ 22. Kh2 Qe5 23. Kh1 h6 24. Qe3 b6 25. d4 Qe7 26. Kh2 Rbe8 27. Bh3
Kh8 28. g5 Bxh3 29. Qxh3 fxg5 30. hxg5 Rxf4 31. Rxf4 Qxg5 32. Qf3 Qa5 33. Rf8+
Rxf8 34. Qxf8+ Kh7 35. Qf5+ Kg8 36. Qxa5 bxa5 37. a3 c6 38. Kg3 Kf7 39. Kg4 Kf6
40. Kh5 g5 41. Kg4 Ke6 42. b4 axb4 43. axb4 Kf6 44. d5 cxd5 45. b5 axb5 46.
cxb5 Ke7 47. exd5 Kd7 48. Kf5 Kc7 49. Ke6 g4 50. b6+ Kxb6 51. Kxd6 g3 52. Ke7
g2 53. d6 g1=Q 54. d7 Qc5+ 0-1

[Event "1.Deut.ChessOrgAmatPok Voelklingen GrC"]
[Site "?"]
[Date "2000.10.12"]
[Round "7"]
[White "Cara, Bogdan"]
[Black "Kirschner, Gerhard Dr."]
[Result "1-0"]
[WhiteElo "1331"]
[BlackElo "1401"]
[PlyCount "63"]
[EventDate "2000.??.??"]

1. e4 c5 2. c3 b6 3. d4 cxd4 4. cxd4 e6 5. Nc3 a6 6. Nf3 Be7 7. Bd3 Bb7 8. O-O
Nf6 9. Bf4 O-O 10. Qc2 h6 11. Rac1 Nc6 12. a3 b5 13. b4 d6 14. Qe2 Nd7 15. e5
dxe5 16. dxe5 h5 17. Kh1 Qe8 18. Rg1 f5 19. exf6 Bxf6 20. Bd6 Rf7 21. Bg6 Nb6
22. Bxf7+ Kxf7 23. Bc5 Nc4 24. Nb1 g6 25. Rc2 Rd8 26. Rd1 Rxd1+ 27. Qxd1 N6e5
28. Nxe5+ Nxe5 29. Bd4 Qd8 30. Rd2 Qc7 31. Bxe5 Qxe5 32. Rd7+ 1-0

[Event "1.Deut.ChessOrgAmatPok Voelklingen GrC"]
[Site "?"]
[Date "2000.10.12"]
[Round "7"]
[White "Schwabe, Manfred"]
[Black "van Hove, Ode"]
[Result "1/2-1/2"]
[WhiteElo "1675"]
[BlackElo "1447"]
[PlyCount "63"]
[EventDate "2000.??.??"]

1. Nf3 d5 2. c4 Nf6 3. cxd5 Nxd5 4. Nc3 c5 5. Qb3 Nf6 6. d3 Nc6 7. Bg5 e6 8. e3
Be7 9. Be2 O-O 10. O-O b6 11. Rfd1 e5 12. Rd2 Bb7 13. Rad1 Qc7 14. d4 exd4 15.
exd4 cxd4 16. Nb5 Qb8 17. Nbxd4 Nxd4 18. Rxd4 Rd8 19. g3 Bc6 20. Bf4 Qb7 21.
Ne5 Rxd4 22. Rxd4 Rf8 23. Bc4 Bc5 24. Nxc6 Qxc6 25. Bxf7+ Rxf7 26. Rd8+ Ne8 27.
Be3 Bxe3 28. Qxe3 Kf8 29. Qe5 Re7 30. Qf5+ Kg8 31. Rd1 Qc7 32. Qd5+ 1/2-1/2

[Event "1.Deut.ChessOrgAmatPok Voelklingen GrC"]
[Site "?"]
[Date "2000.10.12"]
[Round "7"]
[White "Stoeckchen, Andreas"]
[Black "Zimmer, Bernhard"]
[Result "1/2-1/2"]
[WhiteElo "1383"]
[BlackElo "729"]
[PlyCount "52"]
[EventDate "2000.??.??"]

1. f4 g6 2. Nf3 Bg7 3. g3 b6 4. Bg2 Bb7 5. O-O d6 6. d4 f5 7. e3 h6 8. Nh4 Bxg2
9. Kxg2 Kf7 10. Nc3 Nf6 11. h3 e6 12. b3 Ne4 13. Nxe4 fxe4 14. Kh2 Bf6 15. Qg4
Bxh4 16. gxh4 Nc6 17. a3 d5 18. Bd2 a5 19. h5 Rg8 20. hxg6+ Rxg6 21. Qh5 Qf6
22. Rg1 Rag8 23. Rg2 Ne7 24. Rag1 Kf8 25. Rxg6 Rxg6 26. Rxg6 Qxg6 1/2-1/2

[Event "1.Deut.ChessOrgAmatPok Voelklingen GrC"]
[Site "?"]
[Date "2000.10.12"]
[Round "7"]
[White "Bastian, Stephan"]
[Black "Weinz, Andre"]
[Result "0-1"]
[WhiteElo "491"]
[BlackElo "1288"]
[PlyCount "66"]
[EventDate "2000.??.??"]

1. e4 e6 2. d4 Nc6 3. Be3 Qh4 4. Nc3 Bb4 5. Qf3 Bxc3+ 6. bxc3 Nf6 7. Bd3 Ng4 8.
g3 Qh5 9. h3 Nf6 10. g4 Qa5 11. Bd2 Qa3 12. Ne2 Qb2 13. O-O O-O 14. e5 Nd5 15.
Rfb1 Qa3 16. Rb3 Qe7 17. c4 Ndb4 18. Bxb4 Nxb4 19. Be4 Nc6 20. d5 Nxe5 21. Qc3
exd5 22. cxd5 Nxg4 23. Qf3 Qe5 24. c3 Nf6 25. Ng3 d6 26. Re1 Qg5 27. Kh2 g6 28.
Kg2 Re8 29. c4 h5 30. Qe3 Qh4 31. Rh1 Nxe4 32. f3 Qxg3+ 33. Kf1 Bxh3+ 0-1

[Event "1.Deut.ChessOrgAmatPok Voelklingen GrC"]
[Site "?"]
[Date "2000.10.12"]
[Round "7"]
[White "Braun, Konstantin"]
[Black "Schackmann, Ralf"]
[Result "0-1"]
[WhiteElo "282"]
[BlackElo "1000"]
[PlyCount "28"]
[EventDate "2000.??.??"]

1. e4 e5 2. Nf3 Nc6 3. Nc3 a6 4. d4 Bd6 5. Bc4 h6 6. O-O Nf6 7. Be3 Na5 8. Bd3
Ng4 9. dxe5 Nxe5 10. Nxe5 Bxe5 11. Qd2 Nc6 12. Bc4 Qf6 13. Nd5 Qh4 14. Bd4
Qxh2# 0-1

[Event "1.DeutChessOrgAmatPokVoelklingen GrAB"]
[Site "?"]
[Date "2000.10.13"]
[Round "8"]
[White "Berrang, Gerrit"]
[Black "Bastian, Herbert"]
[Result "0-1"]
[WhiteElo "1833"]
[BlackElo "2354"]
[PlyCount "112"]
[EventDate "2000.??.??"]

1. e4 c5 2. Nf3 a6 3. c4 e6 4. Nc3 Qc7 5. d4 cxd4 6. Nxd4 Nf6 7. Nc2 Be7 8. Be2
d6 9. O-O O-O 10. Be3 b6 11. Qd4 Nbd7 12. b4 Bb7 13. f4 Rac8 14. Rac1 d5 15. e5
Ne8 16. Na4 f6 17. Bg4 f5 18. Be2 dxc4 19. Nxb6 Nxb6 20. Qxb6 Qxb6 21. Bxb6 Bd5
22. Ne3 Bxb4 23. Bxc4 Bxc4 24. Rxc4 Rxc4 25. Nxc4 Rf7 26. a3 Bf8 27. Rd1 Rb7
28. a4 Rxb6 29. Nxb6 Bc5+ 30. Kf1 Bxb6 31. Ke2 Nc7 32. Rd6 Nd5 33. Kf3 Kf7 34.
Rd7+ Kf8 35. g3 Bc5 36. Rb7 a5 37. Rb8+ Kf7 38. Rb7+ Ne7 39. g4 fxg4+ 40. Kxg4
Kg6 41. Rb5 Bb4 42. Rb6 h5+ 43. Kf3 Kf5 44. Rb8 Nd5 45. Rb7 Kg6 46. f5+ Kxf5
47. Rxg7 Kxe5 48. Rg5+ Kd4 49. Rxh5 e5 50. Rh4+ Nf4 51. Rh8 Ne6 52. h4 e4+ 53.
Ke2 Nf4+ 54. Kd1 e3 55. Rd8+ Ke4 56. Re8+ Kf3 0-1

[Event "1.DeutChessOrgAmatPokVoelklingen GrAB"]
[Site "?"]
[Date "2000.10.13"]
[Round "8"]
[White "Lang, Thorsten"]
[Black "Wilmes, Marcel"]
[Result "1-0"]
[WhiteElo "2291"]
[BlackElo "1820"]
[PlyCount "77"]
[EventDate "2000.??.??"]

1. d4 Nf6 2. Nf3 c6 3. g3 d5 4. Bg2 Bg4 5. Ne5 Bf5 6. O-O Nbd7 7. c4 e6 8. cxd5
cxd5 9. Nc3 Be7 10. Bf4 O-O 11. h3 h6 12. g4 Bh7 13. e3 Ne8 14. e4 dxe4 15.
Nxe4 Nb6 16. Nc3 f6 17. Nf3 Nd5 18. Nxd5 exd5 19. Qb3 Be4 20. Qxb7 Nd6 21. Qa6
Qb6 22. Qxb6 axb6 23. Bxd6 Bxd6 24. Nh4 Bxg2 25. Kxg2 Rfc8 26. Nf5 Bf8 27. Ne3
Ra5 28. a3 Bd6 29. Rac1 Re8 30. Rc6 Bf4 31. Rxb6 Bxe3 32. Re1 Bxd4 33. Rxe8+
Kf7 34. Rbb8 Bxb2 35. Rf8+ Ke7 36. Rbe8+ Kd7 37. Ra8 Rxa8 38. Rxa8 d4 39. Kf3
1-0

[Event "1.DeutChessOrgAmatPokVoelklingen GrAB"]
[Site "?"]
[Date "2000.10.13"]
[Round "8"]
[White "Lacrosse, Marc"]
[Black "Will, Mathias"]
[Result "1-0"]
[WhiteElo "2298"]
[BlackElo "2000"]
[PlyCount "39"]
[EventDate "2000.??.??"]

1. d4 f5 2. g3 Nf6 3. Bg2 g6 4. Nf3 Bg7 5. O-O O-O 6. c4 c6 7. Nc3 d6 8. d5 Bd7
9. Rb1 Na6 10. b4 Rc8 11. dxc6 bxc6 12. a3 Ng4 13. Bb2 Be6 14. h3 Ne5 15. Nxe5
Bxe5 16. f4 Bg7 17. Qd3 Qb6+ 18. e3 Nxb4 19. axb4 Qxb4 20. Nd5 1-0

[Event "1.DeutChessOrgAmatPokVoelklingen GrAB"]
[Site "?"]
[Date "2000.10.13"]
[Round "8"]
[White "Becking, Franz Josef"]
[Black "Welz, Peter Dr."]
[Result "0-1"]
[WhiteElo "2095"]
[BlackElo "2169"]
[PlyCount "92"]
[EventDate "2000.??.??"]

1. e4 e6 2. d4 d5 3. Nc3 Bb4 4. e5 c5 5. Bd2 Ne7 6. Nf3 Nbc6 7. a3 Bxc3 8. Bxc3
c4 9. Bb4 a5 10. Bxe7 Qxe7 11. Qd2 b5 12. c3 O-O 13. Be2 Bd7 14. O-O b4 15.
Rfb1 b3 16. Bf1 f5 17. g3 f4 18. Bg2 g5 19. h3 Be8 20. Nh2 h5 21. g4 Bg6 22.
Re1 Rf7 23. f3 Rh7 24. Kf2 Qg7 25. Rh1 Kf7 26. h4 hxg4 27. Nxg4 Bf5 28. Nf6
Rxh4 29. Rxh4 gxh4 30. Qxf4 Rh8 31. Rh1 Qh6 32. Qxh6 Rxh6 33. Bh3 Bd3 34. Bg4
Nxd4 35. Bh5+ Rxh5 36. Nxh5 Nb5 37. Rg1 Nxc3 38. Rg7+ Kf8 39. Ra7 d4 40. Ng7
Bf5 41. Nxf5 exf5 42. Ke1 Na4 43. Rd7 c3 44. bxc3 dxc3 45. Kd1 c2+ 46. Kd2 Nc3
0-1

[Event "1.DeutChessOrgAmatPokVoelklingen GrAB"]
[Site "?"]
[Date "2000.10.13"]
[Round "8"]
[White "Becker, Thomas"]
[Black "Busche, Stephan"]
[Result "1-0"]
[WhiteElo "2175"]
[BlackElo "2136"]
[PlyCount "79"]
[EventDate "2000.??.??"]

1. Nf3 Nf6 2. g3 b6 3. Bg2 Bb7 4. c4 e6 5. d4 Be7 6. O-O O-O 7. d5 exd5 8. Nh4
c6 9. cxd5 Nxd5 10. Nf5 d6 11. e4 Nf6 12. Bf4 d5 13. e5 Ne8 14. Nc3 Na6 15. Qe2
Nac7 16. Rfe1 Ne6 17. Rad1 Nxf4 18. gxf4 g6 19. Ng3 Ng7 20. f5 gxf5 21. Nh5 Kh8
22. Nxg7 Kxg7 23. Qh5 Rg8 24. Rd3 Kh8 25. Qxf5 Rg7 26. Rg3 Bc8 27. Qh5 Rxg3 28.
hxg3 Qg8 29. Qd1 Be6 30. Qa4 Qe8 31. Qf4 Qd7 32. Rd1 Rg8 33. Ne4 Rg6 34. Bf3
Qc7 35. Nc3 Bg5 36. Qd4 f6 37. exf6 Bxf6 38. Qe3 Qe7 39. Qd2 Bd7 40. Qe2 1-0

[Event "1.DeutChessOrgAmatPokVoelklingen GrAB"]
[Site "?"]
[Date "2000.10.13"]
[Round "8"]
[White "Bertino, Paolo"]
[Black "Morenko, Dimitro"]
[Result "0-1"]
[WhiteElo "2136"]
[BlackElo "2112"]
[PlyCount "84"]
[EventDate "2000.??.??"]

1. d4 Nf6 2. Nf3 g6 3. Bf4 d6 4. e3 Bg7 5. h3 O-O 6. Be2 Nbd7 7. O-O Qe8 8. Bh2
e5 9. c4 Ne4 10. Nc3 Nxc3 11. bxc3 Qe7 12. Qd2 Kh8 13. Bg3 h6 14. Nh4 Nf6 15.
Nf3 Ne4 16. Qb2 Nxg3 17. fxg3 h5 18. Rae1 e4 19. Nd2 Bh6 20. Bd1 f5 21. Kh2 Rb8
22. Qb1 c6 23. a4 Be6 24. Kg1 Qg5 25. Kh2 Rf7 26. Qb2 Rbf8 27. Qb4 Qd8 28. c5
d5 29. c4 Qc7 30. cxd5 cxd5 31. Rf2 Bg5 32. Rf4 h4 33. Nf1 hxg3+ 34. Kxg3 Rh7
35. Kf2 Bxf4 36. exf4 Qxf4+ 37. Kg1 Qg5 38. Qb3 f4 39. Rxe4 dxe4 40. Qxe6 f3
41. Qg4 Qxg4 42. hxg4 f2# 0-1

[Event "1.DeutChessOrgAmatPokVoelklingen GrAB"]
[Site "?"]
[Date "2000.10.13"]
[Round "8"]
[White "Reinke, Kurt"]
[Black "Schwarz, Karsten"]
[Result "0-1"]
[WhiteElo "1841"]
[BlackElo "1909"]
[PlyCount "66"]
[EventDate "2000.??.??"]

1. d4 d5 2. Nf3 Nf6 3. c4 e6 4. Nc3 c6 5. Bg5 Nbd7 6. e3 Qa5 7. Nd2 Bb4 8. Qc2
dxc4 9. Bxf6 Nxf6 10. Nxc4 Qg5 11. h4 Qg6 12. Bd3 Bxc3+ 13. bxc3 Qxg2 14. O-O-O
Qd5 15. Ne5 g6 16. c4 Qd6 17. Rdg1 Rf8 18. Qb2 Nd7 19. c5 Nxe5 20. dxe5 Qxd3
21. Rd1 Qc4+ 22. Kb1 Qb5 23. Rd2 Qxb2+ 24. Kxb2 Bd7 25. Rhd1 Rd8 26. f4 Ke7 27.
e4 Bc8 28. Rd6 Rxd6 29. exd6+ Kd7 30. h5 Rg8 31. hxg6 hxg6 32. Rh1 Rg7 33. Rf1
b6 0-1

[Event "1.DeutChessOrgAmatPokVoelklingen GrAB"]
[Site "?"]
[Date "2000.10.13"]
[Round "8"]
[White "Hilpisch, Ralf"]
[Black "Mischke, Luis"]
[Result "1-0"]
[WhiteElo "1932"]
[BlackElo "2063"]
[PlyCount "44"]
[EventDate "2000.??.??"]

1. d4 f5 2. c4 Nf6 3. Nc3 g6 4. f3 Bg7 5. e4 d6 6. exf5 Bxf5 7. Bd3 Bxd3 8.
Qxd3 Nc6 9. Nge2 O-O 10. O-O e5 11. d5 Ne7 12. Bg5 Qd7 13. g4 Rae8 14. Ng3 h6
15. Bd2 c6 16. Rac1 cxd5 17. cxd5 b6 18. Nge4 Nxe4 19. Nxe4 Rd8 20. Bb4 Rf4 21.
Rc2 Nf5 22. Rc6 Bf8 1-0

[Event "1.DeutChessOrgAmatPokVoelklingen GrAB"]
[Site "?"]
[Date "2000.10.13"]
[Round "8"]
[White "Blasius, Stefan"]
[Black "Braun, Burckhard"]
[Result "0-1"]
[WhiteElo "1717"]
[BlackElo "1965"]
[PlyCount "68"]
[EventDate "2000.??.??"]

1. b4 e5 2. a3 d5 3. e3 Nf6 4. Bb2 Bd6 5. c4 c6 6. Nc3 O-O 7. cxd5 cxd5 8. Nb5
Re8 9. Nf3 Bg4 10. Be2 Nc6 11. O-O Rc8 12. h3 Bh5 13. Nh4 Bxe2 14. Qxe2 Bb8 15.
Nf3 a6 16. Nc3 d4 17. Na2 d3 18. Qd1 Qd6 19. Ne1 Ne7 20. f3 Nf5 21. Kh2 e4+ 22.
f4 Ba7 23. Qb3 Bxe3 24. dxe3 Nxe3 25. Rf2 Nc4 26. Nxd3 exd3 27. Bxf6 gxf6 28.
Rd1 Re3 29. Qc3 b5 30. Rdd2 Rce8 31. g3 Nxd2 32. Rxd2 Re2+ 33. Rxe2 Rxe2+ 34.
Kg1 Rc2 0-1

[Event "1.Deut.ChessOrgAmatPok Voelklingen Sen"]
[Site "?"]
[Date "2000.10.13"]
[Round "8"]
[White "Moeckel, Edgar Dr."]
[Black "Gerhardt, Peter-Michael"]
[Result "0-1"]
[WhiteElo "2107"]
[BlackElo "2145"]
[PlyCount "81"]
[EventDate "2000.??.??"]

1. d4 Nf6 2. Nf3 g6 3. Nbd2 d5 4. c4 Bg7 5. e3 O-O 6. Bd3 dxc4 7. Nxc4 c6 8.
O-O Nbd7 9. b3 Nd5 10. Bb2 N7b6 11. Qd2 Qc7 12. Rac1 e6 13. Rfd1 Rd8 14. a3 Qe7
15. e4 Nf6 16. Nce5 Nfd7 17. Qf4 Nxe5 18. dxe5 Bd7 19. b4 Be8 20. Be2 Rxd1+ 21.
Rxd1 c5 22. bxc5 Qxc5 23. Rc1 Qe7 24. Qe3 Na4 25. Bd4 Bf8 26. Bxa7 Qxa3 27. Bd4
Bc6 28. Bd3 Nb2 29. Bc2 Qxe3 30. Bxe3 Nc4 31. Bd4 Na3 32. Bd3 Rd8 33. Kf1 Nb5
34. Bxb5 Bxb5+ 35. Ke1 Bc6 36. Bb6 Ra8 37. Nd2 Bh6 38. f3 Ra2 39. Rd1 Ba4 40.
Nc4 Bxd1 41. Kxd1 0-1

[Event "1.Deut.ChessOrgAmatPok Voelklingen Sen"]
[Site "?"]
[Date "2000.10.13"]
[Round "8"]
[White "Pukropski, Walter"]
[Black "Escher, Helmut"]
[Result "0-1"]
[WhiteElo "1796"]
[BlackElo "2036"]
[PlyCount "104"]
[EventDate "2000.??.??"]

1. d4 Nf6 2. Bf4 d5 3. Nf3 e6 4. e3 Bd6 5. Ne5 O-O 6. Bd3 b6 7. Qe2 a5 8. Nd2
Ba6 9. O-O Bxd3 10. cxd3 c5 11. Rac1 Na6 12. dxc5 Nxc5 13. Rc2 Ne8 14. d4 Na6
15. Rfc1 Nb4 16. Nc6 Nxc6 17. Rxc6 Bxf4 18. exf4 Rb8 19. Nf3 Nd6 20. g3 Rc8 21.
b3 Rxc6 22. Rxc6 Nc8 23. Qc2 h6 24. Ne5 Na7 25. Rc7 Nb5 26. Rd7 Qc8 27. Qxc8
Rxc8 28. Rb7 Nxd4 29. Nxf7 Rc2 30. Ne5 b5 31. h4 h5 32. Nf7 Rxa2 33. Ng5 g6 34.
Kg2 Rb2 35. Rb8+ Kg7 36. Rb7+ Kf8 37. Ra7 Rxb3 38. Rxa5 b4 39. Ra7 Ra3 40. Nh7+
Ke8 41. Nf6+ Kd8 42. Rb7 b3 43. Nd7 b2 44. Rxb2 Kxd7 45. Rb7+ Kd6 46. Rg7 Nf5
47. Rxg6 d4 48. Rg8 Kd5 49. Rd8+ Ke4 50. Re8 Ra6 51. Rd8 d3 52. Rb8 Ra1 0-1

[Event "1.Deut.ChessOrgAmatPok Voelklingen Sen"]
[Site "?"]
[Date "2000.10.13"]
[Round "8"]
[White "Simon, Eberhard"]
[Black "Fleckner, Hans"]
[Result "0-1"]
[WhiteElo "1847"]
[BlackElo "1817"]
[PlyCount "78"]
[EventDate "2000.??.??"]

1. e4 c5 2. Nc3 Nc6 3. f4 g6 4. Nf3 Bg7 5. Bc4 e6 6. f5 Nge7 7. fxe6 fxe6 8.
O-O O-O 9. Qe1 a6 10. a4 d5 11. Be2 Nb4 12. Bd1 d4 13. Na2 Nbc6 14. Be2 b5 15.
Qh4 Bf6 16. Qg3 Bg7 17. d3 Bd7 18. Bf4 e5 19. Bg5 Qc7 20. Nc1 Be6 21. Nb3 Qd6
22. Bd2 c4 23. Nc1 Qc5 24. Kh1 b4 25. h4 c3 26. bxc3 dxc3 27. Be1 Nd4 28. Bf2
Nec6 29. h5 Rf6 30. Ng5 Raf8 31. Nxe6 Rxe6 32. Bg4 Ref6 33. Nb3 Qe7 34. hxg6
hxg6 35. Bxd4 Nxd4 36. Bf3 Nxf3 37. gxf3 Rxf3 38. Qg2 Qe6 39. Kg1 R3f4 0-1

[Event "1.Deut.ChessOrgAmatPok Voelklingen Sen"]
[Site "?"]
[Date "2000.10.13"]
[Round "8"]
[White "Leschhorn, Heinrich"]
[Black "Passeier, Helmut"]
[Result "1-0"]
[WhiteElo "1817"]
[BlackElo "1825"]
[PlyCount "63"]
[EventDate "2000.??.??"]

1. Nf3 Nf6 2. g3 b6 3. Bg2 Bb7 4. O-O g6 5. c4 Bg7 6. Nc3 O-O 7. d3 d6 8. Qc2
Nbd7 9. b4 a5 10. b5 Qc8 11. Rb1 Nc5 12. Bg5 h6 13. Bxf6 Bxf6 14. d4 Nd7 15. e4
Re8 16. Rfe1 e5 17. Rbd1 exd4 18. Nxd4 Nc5 19. f3 Qd7 20. f4 Re7 21. e5 Bg7 22.
Bxb7 Nxb7 23. Qg2 Qc8 24. Nd5 Re8 25. Nf6+ Bxf6 26. exf6 Nc5 27. Nc6 Qg4 28.
Ne7+ Kf8 29. h3 Qd7 30. Kh2 a4 31. a3 h5 32. Qf3 1-0

[Event "1.Deut.ChessOrgAmatPok Voelklingen Sen"]
[Site "?"]
[Date "2000.10.13"]
[Round "8"]
[White "Gimber, Robert"]
[Black "Schampel, Arno"]
[Result "1-0"]
[WhiteElo "1684"]
[BlackElo "1755"]
[PlyCount "98"]
[EventDate "2000.??.??"]

1. Nf3 c5 2. e4 d6 3. d4 cxd4 4. Nxd4 Nf6 5. Nc3 a6 6. a4 Nc6 7. Be2 e6 8. O-O
Be7 9. Kh1 Qc7 10. f4 Nxd4 11. Qxd4 O-O 12. Be3 Nd7 13. Rad1 Rd8 14. Rf3 e5 15.
Qc4 Qxc4 16. Bxc4 Nf6 17. Bb6 Rd7 18. fxe5 dxe5 19. Rdd3 Rxd3 20. Rxd3 Bd7 21.
b3 Bc6 22. Nd5 Bf8 23. Nxf6+ gxf6 24. Bd5 Rc8 25. c4 Be7 26. Kg1 Kf8 27. Kf2
Bxd5 28. exd5 Bd6 29. Rh3 Kg7 30. Ke3 Kg6 31. g4 h6 32. Ke4 Bf8 33. Be3 b5 34.
axb5 axb5 35. c5 Bxc5 36. Bxc5 Rxc5 37. d6 Rc8 38. Kd5 f5 39. gxf5+ Kg5 40. d7
Rd8 41. Kd6 Kf6 42. Rxh6+ Kg7 43. Rh5 Kf6 44. Rh4 Ra8 45. Rh6+ Kg7 46. Rh3 Kf6
47. Rd3 e4 48. Rd1 Rd8 49. Kc7 Ke7 1-0

[Event "1.Deut.ChessOrgAmatPok Voelklingen Sen"]
[Site "?"]
[Date "2000.10.13"]
[Round "8"]
[White "Will, Michael"]
[Black "Dunkel, Horst"]
[Result "1-0"]
[WhiteElo "1907"]
[BlackElo "1651"]
[PlyCount "61"]
[EventDate "2000.??.??"]

1. c4 e5 2. Nc3 Bb4 3. Qc2 Nf6 4. a3 Be7 5. Nf3 d6 6. g3 Be6 7. b3 Nc6 8. Bg2
O-O 9. Bb2 Rb8 10. e3 Re8 11. Ng5 Bg4 12. Nd5 g6 13. Nxe7+ Qxe7 14. O-O h6 15.
Ne4 Nxe4 16. Bxe4 Kh7 17. Bg2 Qd7 18. f3 Bh3 19. Rf2 Bxg2 20. Kxg2 a6 21. Raf1
Rf8 22. f4 Rbe8 23. f5 Qe7 24. h4 h5 25. f6 Qe6 26. e4 Qg4 27. Bc1 Nd4 28. Qd3
Ne6 29. Qe3 Nc5 30. d3 Nxb3 31. Qh6+ 1-0

[Event "1.Deut.ChessOrgAmatPok Voelklingen Sen"]
[Site "?"]
[Date "2000.10.13"]
[Round "8"]
[White "Scheerer, Helmut"]
[Black "Fiedler, Eduard"]
[Result "1-0"]
[WhiteElo "1851"]
[BlackElo "1736"]
[PlyCount "55"]
[EventDate "2000.??.??"]

1. e4 e5 2. Nf3 f6 3. Bc4 Ne7 4. Nc3 c6 5. d3 d5 6. exd5 cxd5 7. Bb5+ Bd7 8.
Bxd7+ Nxd7 9. O-O Nb6 10. Nh4 Qd7 11. f4 O-O-O 12. fxe5 fxe5 13. Rf7 Qe6 14.
Qf1 h6 15. h3 Kb8 16. Bd2 Nd7 17. Rf2 Nc6 18. Kh1 Bc5 19. Rf7 Rhf8 20. Rxf8
Rxf8 21. Nf3 Nd4 22. Rc1 Nf5 23. Qe1 a6 24. Ne2 g5 25. d4 e4 26. Nxg5 hxg5 27.
Bxg5 Bxd4 28. b4 {weiter nicht lesbar} 1-0

[Event "1.Deut.ChessOrgAmatPok Voelklingen Sen"]
[Site "?"]
[Date "2000.10.13"]
[Round "8"]
[White "Wolf, Margot"]
[Black "Haasper, Peter"]
[Result "0-1"]
[WhiteElo "1166"]
[BlackElo "1782"]
[PlyCount "32"]
[EventDate "2000.??.??"]

1. d4 Nf6 2. Nf3 g6 3. Bf4 Bg7 4. h3 O-O 5. e3 d6 6. Be2 b6 7. O-O Bb7 8. Nbd2
Nbd7 9. Bd3 Re8 10. e4 c5 11. c3 e5 12. Bh2 cxd4 13. cxd4 Qe7 14. dxe5 dxe5 15.
Rc1 Nc5 16. Re1 Nxd3 0-1

[Event "1.Deut.ChessOrgAmatPok Voelklingen Sen"]
[Site "?"]
[Date "2000.10.13"]
[Round "8"]
[White "Hennige, Anneliese"]
[Black "Backes, Robert"]
[Result "0-1"]
[WhiteElo "100"]
[BlackElo "1642"]
[PlyCount "64"]
[EventDate "2000.??.??"]

1. Nf3 Nf6 2. c4 c5 3. d4 cxd4 4. Nxd4 Nc6 5. Bd2 Nxd4 6. Bc3 Nc6 7. e3 e6 8.
Be2 Be7 9. O-O O-O 10. Nd2 d5 11. Nf3 dxc4 12. Nd4 Nxd4 13. Bxd4 b5 14. Qc2 Bb7
15. f3 a6 16. Rad1 Qc7 17. Bxf6 Bxf6 18. Kh1 Rad8 19. a3 Rfe8 20. Rxd8 Rxd8 21.
Rd1 Rxd1+ 22. Bxd1 Qe5 23. Qd2 Qd5 24. Qe1 Bxb2 25. a4 Ba3 26. axb5 axb5 27.
Be2 Bc5 28. Bd1 f5 29. Kg1 e5 30. Kf1 Bxe3 31. Qxe3 Qxd1+ 32. Kf2 Qd5 0-1

[Event "1.Deut.ChessOrgAmatPok Voelklingen GrC"]
[Site "?"]
[Date "2000.10.13"]
[Round "8"]
[White "Kemmer, Josef"]
[Black "Ragg, Wolfgang"]
[Result "1/2-1/2"]
[WhiteElo "1534"]
[BlackElo "1695"]
[PlyCount "83"]
[EventDate "2000.??.??"]

1. c4 Nf6 2. Nc3 g6 3. g3 Bg7 4. Bg2 d6 5. Nf3 O-O 6. O-O Nbd7 7. a3 c6 8. d4
d5 9. Re1 Re8 10. Bf4 Nf8 11. Ne5 Ne6 12. Be3 Nc7 13. b3 Ng4 14. Nxg4 Bxg4 15.
f3 Bd7 16. Qd2 Qc8 17. Bh6 Bh8 18. Rac1 Bh3 19. cxd5 Bxg2 20. Kxg2 Qd7 21. e4
cxd5 22. e5 Nb5 23. Nxb5 Qxb5 24. b4 Rec8 25. Qf4 e6 26. h4 Qd3 27. Rc5 b6 28.
Rxc8+ Rxc8 29. Rc1 Rc2+ 30. Rxc2 Qxc2+ 31. Kh3 Qf5+ 32. Qxf5 gxf5 33. a4 f6 34.
f4 Kf7 35. h5 fxe5 36. fxe5 Bg7 37. Bd2 Bf8 38. a5 Be7 39. g4 fxg4+ 40. Kxg4
Bf8 41. axb6 axb6 42. b5 1/2-1/2

[Event "1.Deut.ChessOrgAmatPok Voelklingen GrC"]
[Site "?"]
[Date "2000.10.13"]
[Round "8"]
[White "Pillath, Marcus"]
[Black "Umla, Rudolf"]
[Result "1-0"]
[WhiteElo "1338"]
[BlackElo "1617"]
[PlyCount "36"]
[EventDate "2000.??.??"]

1. Nf3 d5 2. d4 e6 3. Bf4 c5 4. e3 Nf6 5. c3 Bd6 6. Bxd6 Qxd6 7. Nbd2 Nc6 8.
Be2 O-O 9. O-O e5 10. dxe5 Nxe5 11. Nxe5 Qxe5 12. Nf3 Qe7 13. Rc1 Rd8 14. Qc2
b6 15. Rfd1 Bb7 16. c4 Rd6 17. cxd5 Bxd5 18. b3 18... Rad8 {weiter nicht lesbar
} 1-0

[Event "1.Deut.ChessOrgAmatPok Voelklingen GrC"]
[Site "?"]
[Date "2000.10.13"]
[Round "8"]
[White "Woelk, Peter"]
[Black "Mueller, Ronny"]
[Result "0-1"]
[WhiteElo "1516"]
[BlackElo "1433"]
[PlyCount "98"]
[EventDate "2000.??.??"]

1. d4 f5 2. Nf3 e6 3. Bf4 Nf6 4. e3 Be7 5. Bd3 O-O 6. O-O d6 7. Nbd2 Nc6 8. c3
Kh8 9. Qe2 Bd7 10. h3 Qe8 11. Rae1 Bd8 12. Bh2 e5 13. dxe5 dxe5 14. e4 f4 15.
Nc4 h6 16. b4 b5 17. Nb2 a6 18. a4 Nb8 19. axb5 axb5 20. Ra1 Na6 21. Ra3 c6 22.
Rfa1 Bc8 23. c4 Rb8 24. cxb5 Nxb4 25. bxc6 Nxc6 26. Nc4 Bc7 27. Ra8 g5 28. g4
fxg3 29. Bxg3 Bxh3 30. Rxb8 Bxb8 31. Qb2 Nd7 32. Nh2 Nd4 33. Ra8 Qe7 34. Nxe5
Bxe5 35. Bxe5+ Qxe5 36. Rxf8+ Nxf8 37. Qb6 Nde6 38. Nf3 Qf4 39. Qb2+ Kg8 40.
Nh2 g4 41. Nf1 Qf3 42. Ne3 g3 43. Qe2 Qf6 44. fxg3 Nd4 45. Bc4+ Kh8 46. Qh5
Nf3+ 47. Kh1 Qa1+ 48. Nf1 Bxf1 49. Qxh6+ Nh7 0-1